| 000 | 00716cam a22002172 4500 | ||
|---|---|---|---|
| 001 | 9885212 | ||
| 005 | 20070327145944.0 | ||
| 008 | 820910s1967 pau 000 0 eng | ||
| 010 | _a 67014623 | ||
| 040 |
_aDLC _cCarP _dDLC |
||
| 050 | 0 | 0 |
_aBT80 _b.E34 1967 |
| 100 | 1 |
_aEbeling, Gerhard, _d1912- |
|
| 240 | 0 | 0 | _aGott und Wort. English. |
| 245 | 1 | 0 |
_aGod and word. _cGerhard Ebeling |
| 260 |
_aPhiladelphia, _bFortress Press _c[1967] |
||
| 300 |
_avii, 53 p. _c20 cm. |
||
| 650 | 0 | _aTheology. | |
| 906 |
_a7 _bcbc _cpremver _du _encip _f19 _gy-gencatlg |
||
| 942 |
_2lcc _cBK |
||
| 999 |
_c17436 _d17436 |
||